Ľudský kapitál, spotreba a nehnuteľné bohatstvo slovenských domácností

Vplyv príjmov a bohatstva na spotrebu domácnosti. Analýza ľudského a fyzického kapitálu a efektu bohatstva na spotrebu. Rozdiely medzi domácnosťami pred rokom 1989 a po ňom.

Salvato in:
Dettagli Bibliografici
Autore principale: Fidrmuc, Jaroslav
Altri autori: Senaj, Matúš
Natura: Capitolo di libro
Lingua:slovacco
Soggetti:
Tags: Aggiungi Tag
Nessun Tag, puoi essere il primo ad aggiungerne!!

MARC

LEADER 00000nla$a2200000$$$4500
001 0150092
005 20221103134300.4
041 0 |a slo 
044 |a SK 
245 1 0 |a Ľudský kapitál, spotreba a nehnuteľné bohatstvo slovenských domácností  |c Jaroslav Fidrmuc, Matúš Senaj 
520 |a Vplyv príjmov a bohatstva na spotrebu domácnosti. Analýza ľudského a fyzického kapitálu a efektu bohatstva na spotrebu. Rozdiely medzi domácnosťami pred rokom 1989 a po ňom. 
610 2 0 |a Slovensko 
610 2 0 |a spotreba domácností 
610 2 0 |a funkcie spotrebné 
610 2 0 |a bohatstvo 
610 2 0 |a účty rodinné 
610 2 0 |a index nákladov životných 
100 1 |a Fidrmuc, Jaroslav 
700 1 |a Senaj, Matúš